| 000 | 00664nam a2200217 a 4500 | ||
|---|---|---|---|
| 999 |
_c1286 _d1286 |
||
| 001 | 1286 | ||
| 003 | BD-JhCC | ||
| 005 | 20171022113011.0 | ||
| 008 | 171017s1984 bg |||| ||a| 000 0 ben d | ||
| 035 | _a(BD-JhCC)1286 | ||
| 040 |
_aBD-JhCC _dBD-JhCC |
||
| 041 | _aben | ||
| 082 |
_a297.72 _bKHA 1984 |
||
| 100 | _aখান, আকবর | ||
| 245 |
_aমহানবী (সা)-এর প্রতিরক্ষা কৌশল / _cআকবর খান |
||
| 260 |
_aঢাকা : _bইসলামিক ফাউণ্ডেশন, _c1984. |
||
| 300 |
_a407 p. : _c22 cm. |
||
| 650 |
_aWar _vReligions aspets _xIslam |
||
| 942 |
_2ddc _cBK |
||